00657 a2200241 4500041000800000082001500008100002600023245004600049260004100095300001600136500004800152504002900200518001400229650002800243650002900271650000800300650003000308650001800338651001000356653001900366942001300385999001700398 aEng a951bL617p aLi, Chien-Nung918798 aThe political history of China, 1840-1928 aPrinceton (N.j.)bVan Nostrandc1956 axii, 545p.  atr and ed. by Ssu-Yu Teng and Jeriy Ingalls aBiobliography: p.515-528 a2067-11-7 aPolitical history91780 aRevolutionary was918799 aWar aPolitical movements93012 aConstitutions aChina aChinse history 2ddccGEN c58681d58670